Miasta w Hiszpanii czy w Portugalii? - klikanie - Statystyki

Ogólne statystyki
  • Ten quiz został rozwiązany 57 razy
  • Średni wynik to 14 z 16
Statystyki odpowiedzi
Hint Odpowiedź % Poprawnych
Sewilla Hiszpania
100%
Las Palmas Hiszpania
98%
Pampeluna Hiszpania
98%
Porto Portugalia
98%
Murcja Hiszpania
96%
Kartagena Hiszpania
96%
Alicante Hiszpania
96%
Funchal Portugalia
94%
A Coruña Hiszpania
92%
Braga Portugalia
92%
Coimbra Portugalia
85%
Aveiro Portugalia
79%
Queluz Portugalia
71%
Terrassa Hiszpania
67%
Vila Nova de Gaia Portugalia
65%
Almada Portugalia
52%
Nie znaleziono quizów pasujących do podanych kryteriów
Rozkład punktacji
Procent ludzi z każdym wynikiem
Percentyl według liczby udzielonych odpowiedzi
Twoja historia wyników
Nie rozwiązałeś tego quizu